000 00203nam a22000857a 4500
008 170622b xxu||||| |||| 00| 0 eng d
100 _93630
_aSahoo. R
245 _aInformation Practice XI
260 _aNew delhi
999 _c7021
_d7021